| 000 | 00999nam a22002535i 4500 | ||
|---|---|---|---|
| 001 | 169877 | ||
| 003 | ES-MaACL | ||
| 005 | 20250516183601.0 | ||
| 008 | 081211s1940 fr |||| | fre d | ||
| 080 | _a929 Chaikovskiï, Piotr Ilich | ||
| 080 | _a929 Meck, Nadezhda Filaretovna von | ||
| 100 | 1 |
_aBowen, Catherine Drinker. _9139070 |
|
| 245 | 1 | 2 |
_aL'ami bien-aimé _b: histoire de Tchaikowsky et de Nadejda von Merck / _cCatherine Drinker Bowen et Barbara von Meck ; texte français de Maurice Rémon. |
| 260 |
_aParis : _bGallimard, _c[1940] |
||
| 300 |
_a418 p. ; _c21 cm. |
||
| 490 | 1 | _aLa connaissance de soi | |
| 600 | 0 | 4 |
_aChaikovskii, Piotr llich, _d1840-1893 _937794 |
| 600 | 1 | 4 |
_aMeck, Nadezhda Filaretovna von. _9139072 |
| 700 | 1 |
_aMeck, Barbara Karpoff von. _9139071 |
|
| 700 | 0 |
_aRémon, Maurice. _996143 |
|
| 830 | 0 |
_aLa connaissance de soi _9222924 |
|
| 852 |
_aES-MaACL _jE-11897 _9R.140506 _z.- Biblioteca Jacinto Martínez Lacalle |
||
| 999 |
_c169877 _d169877 |
||